[Event "Belgrade Trophy 30th"]
[Site "Belgrade"]
[Date "2016.12.01"]
[Round "8"]
[White "Brakus, Dragan"]
[Black "Vujacic, Borivoje"]
[Result "0-1"]
[WhiteElo "1982"]
[BlackElo "2240"]
[PlyCount "68"]
[EventDate "2016.11.24"]
[EventType "swiss"]
[EventRounds "9"]
[EventCountry "SRB"]
[SourceTitle "CBM 175 Extra"]
[Source "ChessBase"]
[SourceDate "2016.12.12"]
[SourceVersion "1"]
[SourceVersionDate "2016.12.12"]
[SourceQuality "1"]

1. e4 c5 2. Nf3 d6 3. d4 Nf6 4. Nc3 cxd4 5. Nxd4 a6 6. Bc4 e6 7. Bb3 b5 8. 0-0 Be7 9. Be3 0-0 10. f4 Qc7 11. Qf3 Bb7 12. Rad1 b4 13. Na4 Bxe4 14. Qh3 Nc6 15. f5 e5 16. Ne2 Rab8 17. g4 d5 18. g5 Nd7 19. Ng3 Nd4 20. Nxe4 dxe4 21. g6 Nf6 22. Bg5 h6 23. gxf7+ Kh7 24. Bxf6 Bxf6 25. Rde1 Nxb3 26. axb3 Rxf7 27. Rxe4 Qa7+ 28. Kg2 Rd7 29. Rf2 Rd4 30. Rxd4 Qxd4 31. Qf3 e4 32. Qf4 Re8 33. Re2 Qd5 34. Kf1 e3 0-1

[Event "Belgrade Trophy 30th"]
[Site "Belgrade"]
[Date "2016.11.29"]
[Round "6"]
[White "Brakus, Dragan"]
[Black "Kostic, Branimir"]
[Result "1-0"]
[WhiteElo "1982"]
[BlackElo "2165"]
[PlyCount "76"]
[EventDate "2016.11.24"]
[EventType "swiss"]
[EventRounds "9"]
[EventCountry "SRB"]
[SourceTitle "CBM 175 Extra"]
[Source "ChessBase"]
[SourceDate "2016.12.12"]
[SourceVersion "1"]
[SourceVersionDate "2016.12.12"]
[SourceQuality "1"]

1. e4 c5 2. Nf3 d6 3. d4 cxd4 4. Nxd4 Nf6 5. Nc3 a6 6. Bc4 e6 7. Bb3 Nbd7 8. 0-0 Nc5 9. f4 Nxb3 10. Nxb3 Qc7 11. Qe2 Nd7 12. a4 Be7 13. a5 0-0 14. Rf3 Nc5 15. Nd2 b5 16. axb6 Qxb6 17. Nc4 Qc7 18. f5 Bf6 19. Bf4 Bxc3 20. Rxc3 e5 21. Nxe5 dxe5 22. Be3 Qb7 23. Bxc5 Qxb2 24. Qe1 Rd8 25. Rb1 Qa2 26. f6 Qe6 27. Be7 Re8 28. Qg3 Qg4 29. Rxc8 Qxg3 30. Rxe8+ Rxe8 31. hxg3 gxf6 32. Bxf6 h6 33. Rb6 Rc8 34. Bxe5 Kh7 35. c3 Ra8 36. Bf4 a5 37. Rxh6+ Kg7 38. Rb6 a4 1-0

[Event "Belgrade-chT"]
[Site "Belgrade"]
[Date "2014.05.09"]
[Round "4"]
[White "Brakus, Dragan"]
[Black "Mladenovic, Aleksandar"]
[Result "1-0"]
[WhiteElo "1972"]
[BlackElo "1977"]
[PlyCount "25"]
[EventDate "2014.05.05"]
[EventType "swiss"]
[EventRounds "5"]
[EventCountry "SRB"]
[SourceTitle "CBM 160 Extra"]
[Source "ChessBase"]
[SourceDate "2014.07.01"]
[SourceVersion "1"]
[SourceVersionDate "2014.07.01"]
[SourceQuality "1"]

1. e4 e5 2. Nf3 Nf6 3. d4 Nxe4 4. Bd3 d5 5. Nxe5 Nd7 6. Nxd7 Bxd7 7. 0-0 Bd6 8. Qe1 Qh4 9. g3 Qe7 10. f3 Nf6 11. Qf2 0-0-0 12. Re1 Qf8 13. c4 1-0

[Event "Belgrade Spring op"]
[Site "Belgrade"]
[Date "2011.03.24"]
[Round "2"]
[White "Brakus, Dragan"]
[Black "Ivanovic, Nikola"]
[Result "0-1"]
[WhiteElo "1994"]
[BlackElo "2227"]
[PlyCount "112"]
[EventDate "2011.03.23"]
[EventType "swiss"]
[EventRounds "9"]
[EventCountry "SRB"]
[SourceTitle "CBM 141 Extra"]
[Source "ChessBase"]
[SourceDate "2011.05.03"]
[SourceVersion "1"]
[SourceVersionDate "2011.05.03"]
[SourceQuality "1"]

1. d4 Nf6 2. c4 g6 3. Nf3 Bg7 4. Nc3 0-0 5. e4 d6 6. Be2 e5 7. Be3 exd4 8. Nxd4 Re8 9. f3 c6 10. Qd2 d5 11. exd5 cxd5 12. Rd1 Nc6 13. Kf2 Be6 14. Rhe1 Nxd4 15. Bxd4 dxc4 16. Bf1 Qc7 17. Kg1 Rad8 18. Qf2 b6 19. Nb5 Qc6 20. Nxa7 Qa4 21. b3 cxb3 22. Bb5 Qxa2 23. Bxe8 Rxe8 24. Nb5 Rc8 25. Ra1 Qxf2+ 26. Kxf2 Rc2+ 27. Kg1 h5 28. Rac1 Bh6 29. Rxc2 bxc2 30. Bb2 Nd5 31. Nd4 Be3+ 32. Kf1 c1Q 33. Rxc1 Bxc1 34. Bxc1 Kf8 35. Ke2 Ke7 36. Ba3+ Kd7 37. g3 Nc7 38. f4 b5 39. Kd3 Bc4+ 40. Kd2 Nd5 41. Nc2 Nf6 42. Ne3 Ne4+ 43. Ke1 Kc6 44. Be7 Be6 45. Kd1 Nc5 46. Kc1 b4 47. Bf6 b3 48. Kb2 Kb5 49. Bg7 h4 50. f5 gxf5 51. gxh4 f4 52. Nf1 f3 53. h5 Bf5 54. Nd2 f2 55. h6 Ne4 56. Nf1 Kc4 0-1

[Event "Belgrade op"]
[Site "Belgrade"]
[Date "2009.11.25"]
[Round "2"]
[White "Momirovic, Milan"]
[Black "Brakus, Dragan"]
[Result "0-1"]
[WhiteElo "1774"]
[BlackElo "2056"]
[PlyCount "126"]
[EventDate "2009.11.24"]
[EventType "swiss"]
[EventRounds "9"]
[EventCountry "YUG"]
[SourceTitle "CBM 133 Extra"]
[Source "ChessBase"]
[SourceDate "2010.01.05"]
[SourceVersion "1"]
[SourceVersionDate "2010.01.05"]
[SourceQuality "1"]

1. f4 e5 2. fxe5 d6 3. Nf3 dxe5 4. e4 Nc6 5. c3 Nf6 6. d3 Bc5 7. Qe2 Qe7 8. Be3 0-0 9. Nbd2 a5 10. Bxc5 Qxc5 11. Nb3 Qe7 12. Rd1 a4 13. Nbd2 Rd8 14. a3 b6 15. Nc4 g6 16. g3 Ba6 17. Ne3 Nxe4 18. Qc2 Nc5 19. Nd2 Bxd3 20. Bxd3 Nxd3+ 21. Ke2 Nc5 22. Nf3 Rxd1 23. Rxd1 Rd8 24. Kf2 e4 25. Ne1 Qf6+ 26. Kg1 Nd3 27. Nxd3 exd3 28. Rxd3 Rxd3 29. Qxd3 Qf3 30. Qd2 h5 31. Qf2 Qe4 32. Qd2 Ne5 33. Qd8+ Kh7 34. Nd1 Qe2 35. Nf2 Nf3+ 36. Kg2 Ne1+ 37. Kg1 Nf3+ 38. Kg2 Nd2 39. Qd3 Qe1 40. Nh3 Ne4 41. Qf3 Kg7 42. Qf4 Qe2+ 43. Kg1 Qe1+ 44. Kg2 Qe2+ 45. Kg1 Qd1+ 46. Kg2 Qc2+ 47. Kg1 Qb1+ 48. Kg2 Qxb2+ 49. Nf2 Qxf2+ 50. Qxf2 Nxf2 51. Kxf2 Kf6 52. Ke3 Ke5 53. h3 g5 54. Kd3 f5 55. Ke3 f4+ 56. gxf4+ gxf4+ 57. Kf3 b5 58. Kf2 Ke4 59. Ke2 f3+ 60. Kf2 h4 61. Kf1 Ke3 62. Ke1 f2+ 63. Kf1 c5 0-1

[Event "Belgrade Summer op"]
[Site "Belgrade"]
[Date "2009.06.11"]
[Round "9"]
[White "Elez, Nikola"]
[Black "Brakus, Dragan"]
[Result "1/2-1/2"]
[WhiteElo "2127"]
[BlackElo "2088"]
[PlyCount "98"]
[EventDate "2009.06.02"]
[EventType "swiss"]
[EventRounds "9"]
[EventCountry "SRB"]
[SourceTitle "EXT 2019"]
[Source "ChessBase"]
[SourceDate "2018.10.10"]
[SourceVersion "1"]
[SourceVersionDate "2018.10.10"]
[SourceQuality "1"]

1. e4 e6 2. Nc3 c5 3. g3 d5 4. exd5 exd5 5. Bg2 Nf6 6. Nge2 d4 7. Ne4 Nd5 8. d3 Be7 9. 0-0 0-0 10. Nf4 Nb6 11. b3 Re8 12. Nd2 Bd6 13. Nc4 Nxc4 14. bxc4 Nd7 15. Rb1 Rb8 16. Nd5 b6 17. Re1 Bb7 18. Bf4 Bxf4 19. Nxf4 Nf6 20. Bxb7 Rxb7 21. Qf3 Rbe7 22. Kf1 Qd7 23. Rxe7 Rxe7 24. Re1 Rxe1+ 25. Kxe1 h6 26. Kf1 g5 27. Nd5 Nxd5 28. cxd5 Kf8 29. Qe4 Qe7 30. Qf5 Qd6 31. f4 gxf4 32. gxf4 Ke7 33. Ke2 Qg6 34. Qe5+ Kd7 35. Kf2 Qd6 36. Qf5+ Ke7 37. Kf3 Qg6 38. Qe5+ Kd7 39. h3 Qg1 40. Qf5+ Ke7 41. Qe5+ Kd7 42. Qf5+ Ke7 43. d6+ Kxd6 44. Qf6+ Kd5 45. Qxf7+ Kd6 46. Qf8+ Kd7 47. Qf7+ Kc6 48. Qe8+ Kd6 49. Qe5+ Kd7 1/2-1/2

[Event "Belgrade Summer op"]
[Site "Belgrade"]
[Date "2009.06.09"]
[Round "7"]
[White "Jovic, Branko"]
[Black "Brakus, Dragan"]
[Result "0-1"]
[WhiteElo "1866"]
[BlackElo "2088"]
[PlyCount "120"]
[EventDate "2009.06.02"]
[EventType "swiss"]
[EventRounds "9"]
[EventCountry "SRB"]
[SourceTitle "EXT 2019"]
[Source "ChessBase"]
[SourceDate "2018.10.10"]
[SourceVersion "1"]
[SourceVersionDate "2018.10.10"]
[SourceQuality "1"]

1. e4 e5 2. Nf3 Nc6 3. Bc4 Nf6 4. d3 Be7 5. 0-0 0-0 6. Re1 d6 7. c3 Na5 8. Bb3 c5 9. d4 Qc7 10. dxe5 dxe5 11. Nbd2 c4 12. Bc2 b5 13. Nf1 Bb7 14. Bg5 Rad8 15. Qe2 Rfe8 16. Bxf6 Bxf6 17. Ne3 g6 18. Rad1 Qc5 19. Ng4 Bg7 20. Rxd8 Rxd8 21. Rd1 Rxd1+ 22. Qxd1 Qc7 23. Ne3 h5 24. Nd5 Qd6 25. Ne3 Qxd1+ 26. Nxd1 Nc6 27. a4 a6 28. axb5 axb5 29. Kf1 Na5 30. Nd2 Kf8 31. f3 Bh6 32. Ke2 Bc8 33. Ne3 Be6 34. Bd1 Ke7 35. Nc2 Kd6 36. Nb4 Kc5 37. Na6+ Kb6 38. Nb4 Bf8 39. Nc2 Nb7 40. Na1 b4 41. cxb4 Bxb4 42. Nc2 Bc5 43. Nb1 Bd4 44. Nc3 Ka5 45. Kd2 Nc5 46. Ne1 f5 47. Bc2 f4 48. Nd1 g5 49. h3 Bd7 50. Nc3 Bc6 51. Bd1 h4 52. Bc2 Kb4 53. Na2+ Kb5 54. Nc3+ Kb6 55. Bd1 Be3+ 56. Ke2 Ne6 57. Nc2 Nd4+ 58. Ke1 Bc1 59. Nb4 Bxb2 60. Nbd5+ Kc5 0-1

[Event "Belgrade Summer op"]
[Site "Belgrade"]
[Date "2009.06.07"]
[Round "5"]
[White "Jovicic, Radosav"]
[Black "Brakus, Dragan"]
[Result "1-0"]
[WhiteElo "2234"]
[BlackElo "2088"]
[PlyCount "89"]
[EventDate "2009.06.02"]
[EventType "swiss"]
[EventRounds "9"]
[EventCountry "SRB"]
[SourceTitle "EXT 2019"]
[Source "ChessBase"]
[SourceDate "2018.10.10"]
[SourceVersion "1"]
[SourceVersionDate "2018.10.10"]
[SourceQuality "1"]

1. d4 Nf6 2. Nf3 e6 3. c4 d5 4. Nc3 dxc4 5. e4 c5 6. d5 Nxe4 7. Nxe4 exd5 8. Ng3 Be7 9. Be2 Nc6 10. 0-0 g6 11. h4 h6 12. h5 g5 13. Nh2 f5 14. Re1 Kf7 15. b3 Bf6 16. Rb1 f4 17. Ngf1 Bf5 18. Ba3 cxb3 19. Bd3 Bc8 20. axb3 b6 21. Ng4 Kg7 22. Nxf6 Qxf6 23. Nh2 Rd8 24. Bb2 d4 25. Qe2 a5 26. Qe4 Ra7 27. Re2 Kf8 28. Qg6 Qxg6 29. Bxg6 Re7 30. Rxe7 Nxe7 31. Bd3 Kg7 32. Re1 Kf6 33. Nf3 Nc6 34. Nd2 Nb4 35. Bf1 Bd7 36. Nc4 Nd5 37. Bd3 Rb8 38. Bg6 Nb4 39. f3 Be6 40. Kf2 a4 41. Ra1 axb3 42. Nd6 Ke5 43. Nb5 Bd7 44. Re1+ Kf6 45. Nxd4 1-0

[Event "Belgrade Summer op"]
[Site "Belgrade"]
[Date "2009.06.02"]
[Round "1"]
[White "Kiproski, Branislav"]
[Black "Brakus, Dragan"]
[Result "0-1"]
[WhiteElo "1613"]
[BlackElo "2088"]
[PlyCount "52"]
[EventDate "2009.06.02"]
[EventType "swiss"]
[EventRounds "9"]
[EventCountry "SRB"]
[SourceTitle "EXT 2019"]
[Source "ChessBase"]
[SourceDate "2018.10.10"]
[SourceVersion "1"]
[SourceVersionDate "2018.10.10"]
[SourceQuality "1"]

1. d4 Nf6 2. Bg5 Ne4 3. h4 d5 4. Nd2 Nxg5 5. hxg5 Bf5 6. Ngf3 e6 7. e3 Be7 8. Nh4 Bxg5 9. Nxf5 exf5 10. g3 g6 11. c3 c6 12. Nf3 Bf6 13. Qb3 b6 14. 0-0-0 b5 15. Bg2 0-0 16. Qc2 Qe7 17. Nh4 Bxh4 18. Rxh4 Nd7 19. Rdh1 Nf6 20. Qd2 a5 21. e4 dxe4 22. Qg5 Rfe8 23. Rxh7 Nxh7 24. Qh6 f6 25. Qxg6+ Qg7 26. Qxf5 Qg5+ 0-1

[Event "Belgrade tt Cup"]
[Site "Belgrade"]
[Date "2009.04.12"]
[Round "5"]
[White "Janjic, Jugoslav"]
[Black "Brakus, Dragan"]
[Result "1-0"]
[WhiteElo "2072"]
[BlackElo "2019"]
[PlyCount "29"]
[EventDate "2009.04.08"]
[EventType "team-tourn"]
[EventRounds "5"]
[EventCountry "YUG"]
[SourceTitle "CBM 129 Extra"]
[Source "ChessBase"]
[SourceDate "2009.05.05"]
[SourceVersion "2"]
[SourceVersionDate "2009.05.20"]
[SourceQuality "1"]

1. e4 c5 2. Nf3 Nc6 3. g3 e6 4. Bg2 Nf6 5. d3 d5 6. exd5 exd5 7. 0-0 Be7 8. d4 cxd4 9. Nxd4 Qb6 10. Nxc6 bxc6 11. c3 0-0 12. Qb3 Qc7 13. Bf4 Bd6 14. Bxd6 Qxd6 15. Qc2 1-0

[Event "Belgrade Spring op"]
[Site "Belgrade"]
[Date "2009.03.21"]
[Round "1"]
[White "Zivanovic, Natalija"]
[Black "Brakus, Dragan"]
[Result "1/2-1/2"]
[WhiteElo "1586"]
[BlackElo "2077"]
[PlyCount "26"]
[EventDate "2009.03.21"]
[EventType "swiss"]
[EventRounds "9"]
[EventCountry "YUG"]
[SourceTitle "CBM 129 Extra"]
[Source "ChessBase"]
[SourceDate "2009.05.05"]
[SourceVersion "2"]
[SourceVersionDate "2009.05.20"]
[SourceQuality "1"]

1. d4 Nf6 2. c4 d6 3. Nf3 Nbd7 4. Nc3 e5 5. dxe5 dxe5 6. e4 Bb4 7. Qc2 0-0 8. Bd2 c6 9. a3 Bc5 10. Bd3 a5 11. 0-0 Re8 12. Ne2 Qb6 13. h3 a4 1/2-1/2

[Event "Belgrade-ch"]
[Site "Belgrade"]
[Date "2009.02.01"]
[Round "9"]
[White "Brakus, Dragan"]
[Black "Kerecki, Ljubisa"]
[Result "1-0"]
[WhiteElo "2077"]
[BlackElo "2197"]
[PlyCount "51"]
[EventDate "2009.01.24"]
[EventType "swiss"]
[EventRounds "9"]
[EventCountry "YUG"]
[SourceTitle "CBM 128 Extra"]
[Source "ChessBase"]
[SourceDate "2009.03.05"]
[SourceVersion "2"]
[SourceVersionDate "2009.03.25"]
[SourceQuality "1"]

1. e4 c5 2. Nf3 d6 3. d4 cxd4 4. Nxd4 Nf6 5. Nc3 a6 6. Be2 e6 7. Be3 Qc7 8. f4 Nbd7 9. 0-0 Be7 10. Bf3 Nb6 11. Qd3 Nc4 12. Bc1 e5 13. Nf5 Bxf5 14. exf5 Rc8 15. Nd5 Nxd5 16. Qxd5 b5 17. b3 Nb6 18. Qb7 Bf6 19. Be3 Nd7 20. Rac1 Qc3 21. Rfe1 Nb8 22. Qb6 0-0 23. Bb7 Rc7 24. Kh1 Re8 25. Bd5 exf4 26. Bd2 1-0

[Event "Belgrade-ch"]
[Site "Belgrade"]
[Date "2009.01.27"]
[Round "4"]
[White "Paulic, Branko"]
[Black "Brakus, Dragan"]
[Result "1-0"]
[WhiteElo "2201"]
[BlackElo "2077"]
[PlyCount "117"]
[EventDate "2009.01.24"]
[EventType "swiss"]
[EventRounds "9"]
[EventCountry "YUG"]
[SourceTitle "CBM 128 Extra"]
[Source "ChessBase"]
[SourceDate "2009.03.05"]
[SourceVersion "2"]
[SourceVersionDate "2009.03.25"]
[SourceQuality "1"]

1. e4 e5 2. Nf3 Nc6 3. Bb5 Nge7 4. 0-0 g6 5. c3 Bg7 6. d4 exd4 7. cxd4 d5 8. exd5 Nxd5 9. Re1+ Be6 10. Nc3 0-0 11. Bg5 Qd6 12. Qd2 Nce7 13. Ne5 a6 14. Nxd5 Nxd5 15. Bf1 Rfe8 16. Bh6 Rad8 17. Bxg7 Kxg7 18. Nc4 Qb4 19. Qc1 b5 20. a3 Qa4 21. Ne5 Rd6 22. b4 Qb3 23. Rb1 Qc3 24. Qxc3 Nxc3 25. Rbc1 Nd5 26. h3 Bc8 27. g3 f6 28. Nf3 Kf7 29. Bg2 Bb7 30. Rxe8 Kxe8 31. Nd2 Kd8 32. Ne4 Rb6 33. Nc5 Ba8 34. Re1 Rd6 35. Ne6+ Kc8 36. Nf8 Bc6 37. Nxh7 Nb6 38. Bxc6 Rxc6 39. Nf8 f5 40. Re8+ Kb7 41. Ne6 Rd6 42. h4 Nc4 43. Re7 Nxa3 44. Nxc7 Kb6 45. d5 Rd8 46. Ne8 Nc2 47. Re6+ Ka7 48. Nc7 Nxb4 49. Rxg6 Nxd5 50. Nxa6 b4 51. Nc5 Rc8 52. Ra6+ Kb8 53. Ra5 Kc7 54. Nd3 Kd6 55. Rb5 Rc4 56. h5 Kc6 57. Rb8 Rd4 58. h6 Nf6 59. Nxb4+ 1-0

[Event "Belgrade-ch"]
[Site "Belgrade"]
[Date "2009.01.25"]
[Round "2"]
[White "Starcevic, Goran"]
[Black "Brakus, Dragan"]
[Result "0-1"]
[WhiteElo "2227"]
[BlackElo "2077"]
[PlyCount "103"]
[EventDate "2009.01.24"]
[EventType "swiss"]
[EventRounds "9"]
[EventCountry "YUG"]
[SourceTitle "CBM 128 Extra"]
[Source "ChessBase"]
[SourceDate "2009.03.05"]
[SourceVersion "2"]
[SourceVersionDate "2009.03.25"]
[SourceQuality "1"]

1. d4 Nf6 2. Nf3 e6 3. Nbd2 c5 4. e3 b6 5. Bd3 Bb7 6. 0-0 Be7 7. c3 d5 8. Ne5 0-0 9. f4 g6 10. Qf3 Nbd7 11. g4 Qc7 12. Qg2 c4 13. Bc2 b5 14. g5 Nh5 15. Ndf3 Bd6 16. Bd2 a5 17. Nxd7 Qxd7 18. Ne5 Qc7 19. Bd1 f6 20. gxf6 Nxf6 21. Bc2 Ne4 22. Kh1 Rae8 23. Bxe4 dxe4 24. Ng4 Bd5 25. Ne5 Rf5 26. Rg1 Re7 27. Raf1 Rg7 28. Ng4 Bxf4 29. Rxf4 Rxf4 30. Qg3 Rf3 31. Qh4 Qe7 32. Qh6 Qf8 33. Be1 Rf5 34. Qh4 Rf1 35. Ne5 Rxg1+ 36. Kxg1 Qe7 37. Qg4 Qf6 38. Bg3 h5 39. Qh3 Kh7 40. Bf4 Rb7 41. Qg3 b4 42. cxb4 axb4 43. Qe1 g5 44. Bg3 Qf5 45. Qd1 h4 46. Qh5+ Kg7 47. Be1 c3 48. bxc3 bxc3 49. Qe8 c2 50. Qc8 Rb1 51. Qd7+ Kh6 52. Nf7+ 0-1

[Event "Belgrade Trophy 21st"]
[Site "Obrenovac"]
[Date "2008.12.01"]
[Round "5"]
[White "Damjanovic, Dragan"]
[Black "Brakus, Dragan"]
[Result "1/2-1/2"]
[WhiteElo "2229"]
[BlackElo "2051"]
[PlyCount "48"]
[EventDate "2008.11.27"]
[EventType "swiss"]
[EventRounds "9"]
[EventCountry "YUG"]
[SourceTitle "CBM 127 Extra"]
[Source "ChessBase"]
[SourceDate "2009.01.08"]
[SourceVersion "2"]
[SourceVersionDate "2009.01.28"]
[SourceQuality "1"]

1. d4 Nf6 2. c4 e6 3. Nc3 d5 4. Nf3 Be7 5. Bf4 0-0 6. e3 b6 7. cxd5 Nxd5 8. Nxd5 exd5 9. Bd3 c5 10. Qc2 g6 11. dxc5 bxc5 12. 0-0 Nc6 13. a3 c4 14. e4 Na5 15. Be2 dxe4 16. Rad1 Qb6 17. Qxe4 Bc5 18. Bh6 Bf5 19. Qe5 f6 20. Qc3 Rfe8 21. Bxc4+ Nxc4 22. Qxc4+ Be6 23. Qc3 Bb3 24. Nd4 Bxd1 1/2-1/2

[Event "Belgrade Trophy 21st"]
[Site "Obrenovac"]
[Date "2008.11.30"]
[Round "4"]
[White "Brakus, Dragan"]
[Black "Veleski, Robert"]
[Result "1/2-1/2"]
[WhiteElo "2051"]
[BlackElo "2270"]
[PlyCount "51"]
[EventDate "2008.11.27"]
[EventType "swiss"]
[EventRounds "9"]
[EventCountry "YUG"]
[SourceTitle "CBM 127 Extra"]
[Source "ChessBase"]
[SourceDate "2009.01.08"]
[SourceVersion "2"]
[SourceVersionDate "2009.01.28"]
[SourceQuality "1"]

1. e4 c5 2. Nf3 Nc6 3. d4 cxd4 4. Nxd4 g6 5. Nc3 Bg7 6. Be3 Nf6 7. Nxc6 dxc6 8. Qxd8+ Kxd8 9. Bc4 Ng4 10. Rd1+ Ke8 11. Bc5 b6 12. Bd4 e5 13. Be3 Nxe3 14. fxe3 Ke7 15. 0-0 Rf8 16. h3 Bh6 17. Rf3 a6 18. Rdf1 f6 19. a4 Ra7 20. Kf2 Rd7 21. Rd1 Rxd1 22. Nxd1 Rd8 23. Ke2 Bd7 24. Rf1 Kd6 25. Kf2 Kc5 26. Bb3 1/2-1/2

[Event "Belgrade Trophy 21st"]
[Site "Obrenovac"]
[Date "2008.11.28"]
[Round "2"]
[White "Karadarevic, Slobodan"]
[Black "Brakus, Dragan"]
[Result "0-1"]
[WhiteElo "1814"]
[BlackElo "2051"]
[PlyCount "93"]
[EventDate "2008.11.27"]
[EventType "swiss"]
[EventRounds "9"]
[EventCountry "YUG"]
[SourceTitle "CBM 127 Extra"]
[Source "ChessBase"]
[SourceDate "2009.01.08"]
[SourceVersion "2"]
[SourceVersionDate "2009.01.28"]
[SourceQuality "1"]

1. e4 e6 2. d4 d5 3. Nd2 Nf6 4. e5 Nfd7 5. c3 c5 6. a3 Nc6 7. Ngf3 Qb6 8. Qa4 Be7 9. Bd3 0-0 10. 0-0 cxd4 11. cxd4 f6 12. exf6 Bxf6 13. Nb3 a6 14. Bg5 Qa7 15. Bxf6 Rxf6 16. Na5 Qb6 17. Nxc6 bxc6 18. b4 Bb7 19. Qc2 h6 20. Ne5 Nxe5 21. dxe5 Rf4 22. g3 Rf7 23. Rac1 a5 24. Qc5 Qxc5 25. bxc5 Rf3 26. Rfd1 Ba6 27. Bxa6 Rxa6 28. a4 Rb3 29. f4 Ra7 30. Rb1 Rab7 31. Rxb3 Rxb3 32. g4 Rb4 33. Rf1 Rxa4 34. h3 Rb4 35. f5 Kf7 36. Kg2 a4 37. Kg3 a3 38. Ra1 Rb3+ 39. Kf4 g5+ 40. fxg6+ Kxg6 41. h4 Rb4+ 42. Kf3 Ra4 43. Ra2 h5 44. g5 Kf5 45. Kg3 Ke4 46. Kh3 Kf4 47. Rf2+ 0-1

[Event "Belgrade Winter op"]
[Site "Belgrade"]
[Date "2008.01.28"]
[Round "7"]
[White "Brakus, Dragan"]
[Black "Zdravkovic, Dragan N"]
[Result "0-1"]
[WhiteElo "2020"]
[BlackElo "2202"]
[PlyCount "60"]
[EventDate "2008.01.22"]
[EventType "swiss"]
[EventRounds "9"]
[EventCountry "YUG"]
[SourceTitle "CBM 122 Extra"]
[Source "ChessBase"]
[SourceDate "2008.03.04"]
[SourceVersion "1"]
[SourceVersionDate "2008.03.04"]
[SourceQuality "1"]

1. e4 e5 2. Nf3 Nc6 3. d4 exd4 4. Nxd4 Bc5 5. Be3 Qf6 6. c3 Nge7 7. Bc4 0-0 8. 0-0 Qe5 9. Nd2 d6 10. f4 Qf6 11. N2f3 Ng6 12. Ng5 h6 13. Nxf7 Rxf7 14. e5 Qe7 15. Qh5 Nh8 16. Rae1 dxe5 17. fxe5 Nd8 18. Bxf7+ Nhxf7 19. e6 Bxe6 20. Qg6 Qd6 21. Kh1 Bc4 22. Qxd6 Nxd6 23. Rf2 Bxa2 24. Nf5 Bxe3 25. Nxe3 Nc6 26. Kg1 Re8 27. Rfe2 Bf7 28. Nc2 Rd8 29. Kf2 Bh5 30. Re3 Nc4 0-1

[Event "Belgrade Winter op"]
[Site "Belgrade"]
[Date "2008.01.22"]
[Round "1"]
[White "Brakus, Dragan"]
[Black "Vujacic, Borivoje"]
[Result "0-1"]
[WhiteElo "2020"]
[BlackElo "2326"]
[PlyCount "36"]
[EventDate "2008.01.22"]
[EventType "swiss"]
[EventRounds "9"]
[EventCountry "YUG"]
[SourceTitle "CBM 122 Extra"]
[Source "ChessBase"]
[SourceDate "2008.03.04"]
[SourceVersion "1"]
[SourceVersionDate "2008.03.04"]
[SourceQuality "1"]

1. e4 c5 2. Nf3 d6 3. d4 cxd4 4. Nxd4 Nf6 5. Nc3 a6 6. Bg5 e6 7. f4 Nbd7 8. Qf3 Qc7 9. f5 e5 10. Ne6 fxe6 11. fxe6 Nb6 12. Bxf6 gxf6 13. Qxf6 Bg7 14. Qf5 Rf8 15. Qh3 Rf6 16. Qh5+ Kf8 17. Nd5 Nxd5 18. exd5 Qa5+ 0-1